A la entrada del príncipe de Gales en Madrid /

Bibliographic Details
Main Author: Solís, Antonio de, 1610-1686
Format: Electronic eBook
Language:Spanish
Published: Barcelona : www.Linkgua.com, 2011.
Series:Diferencias (Linkgua Ediciones)
Subjects:
Online Access:Digitalia Hispánica

MARC

LEADER 00000nam a2200000Ii 4500
001 DIGLINK00268
003 NyNyDIG
006 m o d
007 cr |||||||||||
008 130901s2011 sp o 000 0 spa d
020 |a 9788498169935  |q (eBook) 
020 |z 9788498165470 
040 |a DGITA  |b eng  |e pn  |c DGITA 
050 1 4 |a PQ6171.A2 eBook 
100 1 |a Solís, Antonio de,  |d 1610-1686. 
245 1 0 |a A la entrada del príncipe de Gales en Madrid /  |c Antonio de Solís. 
264 1 |a Barcelona :  |b www.Linkgua.com,  |c 2011.  
300 |a 1 online resource (14 pages) 
336 |a text  |b txt  |2 rdacontent 
337 |a computer  |b c  |2 rdamedia 
338 |a online resource  |b cr  |2 rdacarrier 
490 1 |a Diferencias. 
500 |a A Poem titled: "A la entrada del Príncipe de Gales en Madrid por marzo del año 1623. Don Antonio de Solís siendo joven" MSS 17537 (fol.56) de la Biblioteca Nacional de Madrid b published for the first time in p. 385-8: Varias poesías sagradas y profanas. Madrid : Madrid : Consejo Superior de Investigaciones Científicas, 1968.  
651 0 |a Mexico  |x History  |y Conquest, 1519-1540.  
655 0 |a Electronic books. 
791 2 |a Digitalia (Firm),  |e distributor. 
830 0 |a Diferencias (Linkgua Ediciones) 
793 0 |g Digitalia eBook Collection:  |a Linkgua. 
856 4 0 |3 Digitalia Hispánica  |u https://www.digitaliapublishing.com/a/15112/ 
910 |a Premium Collection: 2007-2012